000 00340nam a22001457a 4500
008 230614b ||||| |||| 00| 0 eng d
020 _a0826164935
041 _aeng
080 _2VOLUME 11
_a28
082 _a28SPR
100 _a30
101 _aHIS
245 _aANNUAL REVIEW OF GERONTOLOGY AND GERIATRICS
_cSPRINGER
942 _2udc
_cBK
999 _c59971
_d59971